00873 a2200157 45000010006000000050017000060080041000230030015000640400040000790800077001192450025001962640032002213000019002535050419002721000024006913028120260407155614.0260407a1979 arg spa dAR-UNSa-BCEJYS aAR-UNSa-BCEJYSbspacAR-UNSa-BCEJYS a657.633xDetalles técnicos de la auditoría. Comprobaciones internas 10aAuditoría bancaria 1aBuenos Aires :bTesisc1979 a270 p.c22 cm. a1. Concepto de auditoría - 2. Clases de auditoría - 3. Programas y técnicas de revisión - 4. Ubicación de la auditoría bancaria interna - 5. Estructura de la auditoría bancaria - 6. Funcionamiento de la auditoría bancaria - 7. Disciplinas técnicas auxiliares del auditor - 8. Costos del control y de la auditoría - 9. Estafas a bancos - 10. Auditoría del procesamiento electrónico de datos 1 aDevincenzi, Juan A.